[Event "Monarch Assurance IoM U175 15th"]
[Site "Port Erin IOM"]
[Date "2006.09.28"]
[Round "4"]
[White "Livesey, R Nigel"]
[Black "Price, Andrew"]
[Result "1/2-1/2"]
[WhiteElo "1768"]
[BlackElo "1720"]
[PlyCount "115"]
[EventDate "2006.09.25"]
[EventType "swiss"]
[EventRounds "7"]
[EventCountry "IOM"]

1. d4 d6 2. Bf4 Nf6 3. e3 g6 4. h3 Bg7 5. Nf3 O-O 6. Be2 c5 7. c3 Qb6 8. Qc1
cxd4 9. exd4 Bf5 10. O-O Rc8 11. Nbd2 Nc6 12. Nc4 Qd8 13. Ne3 Be4 14. Qd1 d5
15. Ng5 h6 16. Nxe4 Nxe4 17. f3 Nf6 18. Ng4 Kh7 19. Nxf6+ Bxf6 20. Qd2 Bg7 21.
Rae1 e6 22. Bg3 Ne7 23. Bh4 Qc7 24. g4 g5 25. Bd3+ Ng6 26. Bf2 Bf6 27. Qc2 Re8
28. Kg2 Kg7 29. Bxg6 fxg6 30. Bg3 Qd7 31. Re2 Re7 32. Rfe1 Rf8 33. Qb3 Rfe8 34.
Qa3 a6 35. Qb3 Rf7 36. Qb6 Rfe7 37. Bd6 Rf7 38. Bc5 Bd8 39. Qd6 Bc7 40. Qxd7
Rxd7 41. Rxe6 Rxe6 42. Rxe6 Kf7 43. Re2 Bf4 44. Kf2 Rc7 45. a4 Rd7 46. b3 Rc7
47. a5 Rd7 48. c4 Bc7 49. Bb6 Bxb6 50. axb6 dxc4 51. bxc4 Rxd4 52. Rc2 Ke7 53.
Ke3 Rd6 54. c5 Re6+ 55. Kd4 Kd7 56. Kd5 Rf6 57. Rc3 Rc6 58. Rd3 1/2-1/2

[Event "Monarch Assurance IoM U175 15th"]
[Site "Port Erin IOM"]
[Date "2006.09.28"]
[Round "4"]
[White "Smith, Paul S"]
[Black "Hjort, Helge"]
[Result "1/2-1/2"]
[WhiteElo "1640"]
[BlackElo "1888"]
[PlyCount "83"]
[EventDate "2006.09.25"]
[EventType "swiss"]
[EventRounds "7"]
[EventCountry "IOM"]

1. d4 Nf6 2. c4 e6 3. Nf3 d5 4. e3 Nbd7 5. Nc3 c6 6. Be2 dxc4 7. Bxc4 b5 8. Bd3
a6 9. a3 c5 10. dxc5 Nxc5 11. Bc2 Qxd1+ 12. Nxd1 Bb7 13. Nc3 Rc8 14. O-O Nce4
15. Nxe4 Nxe4 16. Bd3 Be7 17. Rd1 Bf6 18. Rb1 O-O 19. Ne1 Rfd8 20. f3 Nc5 21.
Bc2 Rxd1 22. Bxd1 Rd8 23. Bc2 Na4 24. e4 Bd4+ 25. Kf1 e5 26. Ke2 Bc8 27. Bb3
Nc5 28. Bd5 Be6 29. Bxe6 Nxe6 30. Nd3 f6 31. Be3 Rc8 32. Rc1 Rxc1 33. Bxc1 a5
34. Be3 Kf7 35. Bxd4 Nxd4+ 36. Kd2 Ke7 37. b4 a4 38. Nb2 h5 39. Nd1 g6 40. Nc3
h4 41. h3 f5 42. Kd3 1/2-1/2

[Event "Monarch Assurance IoM U175 15th"]
[Site "Port Erin IOM"]
[Date "2006.09.28"]
[Round "4"]
[White "Twitchell, David"]
[Black "McBride, John A"]
[Result "1-0"]
[WhiteElo "1640"]
[BlackElo "1680"]
[PlyCount "73"]
[EventDate "2006.09.25"]
[EventType "swiss"]
[EventRounds "7"]
[EventCountry "IOM"]

1. e4 e6 2. d4 d5 3. exd5 exd5 4. Bd3 Nc6 5. c3 Bd6 6. Nf3 Bg4 7. Be3 Nge7 8.
O-O Qd7 9. Nbd2 f6 $146 10. a4 O-O 11. Qc2 Bf5 12. Rfe1 Bxd3 13. Qxd3 Rae8 14.
Nf1 Nd8 15. c4 c6 16. c5 Bc7 17. b4 Ng6 18. Qd2 Ne6 19. Ra3 f5 20. Qb2 f4 21.
Bd2 Nd8 22. b5 Rxe1 23. Bxe1 b6 24. cxb6 axb6 25. Rc3 Ne7 26. bxc6 Nexc6 27.
Qb5 Rf6 28. Rc1 Qf5 29. Bc3 Re6 30. Bb2 g5 31. Ne5 Bxe5 32. dxe5 d4 33. Qxb6
Qxe5 34. Rc5 Qf6 35. Rd5 Rd6 36. Bxd4 Qe7 37. Bc5 1-0

[Event "Monarch Assurance IoM U175 15th"]
[Site "Port Erin IOM"]
[Date "2006.09.29"]
[Round "5"]
[White "Flanagan, Samuel"]
[Black "Dickson, David I"]
[Result "1-0"]
[WhiteElo "1520"]
[BlackElo "1216"]
[PlyCount "63"]
[EventDate "2006.09.25"]
[EventType "swiss"]
[EventRounds "7"]
[EventCountry "IOM"]

1. e4 c5 2. Nf3 a6 3. Nc3 Nc6 4. g3 e5 5. Bg2 h6 6. d3 Be7 7. O-O d6 8. Ne1 Nf6
9. Bd2 b5 10. a3 Bd7 11. h3 Qc8 12. Kh2 h5 13. Nd5 Nxd5 14. exd5 Nd4 15. f4 Bg4
16. hxg4 hxg4+ 17. Kg1 f6 18. c3 Nf3+ 19. Nxf3 gxf3 20. Qxf3 Qd7 21. fxe5 O-O-O
22. e6 Qa7 23. Be3 Rdf8 24. a4 Qb7 25. axb5 Qxb5 26. Qe2 Kb7 27. Ra2 Ra8 28.
Rfa1 a5 29. c4 Qb6 30. Qf2 Ra6 31. b4 Rha8 32. bxc5 1-0

[Event "Monarch Assurance IoM U175 15th"]
[Site "Port Erin IOM"]
[Date "2006.09.29"]
[Round "5"]
[White "Hjort, Helge"]
[Black "Burton, Nick"]
[Result "0-1"]
[WhiteElo "1888"]
[BlackElo "1696"]
[PlyCount "98"]
[EventDate "2006.09.25"]
[EventType "swiss"]
[EventRounds "7"]
[EventCountry "IOM"]

1. c4 Nf6 2. g3 g6 3. Bg2 Bg7 4. e4 d6 5. Ne2 O-O 6. O-O e5 7. d3 Nh5 8. Nbc3
c6 9. Be3 f5 10. Qd2 Be6 11. Rad1 Nd7 12. b3 f4 13. gxf4 exf4 14. Bd4 f3 15.
Bxg7 fxg2 16. Kxg2 Kxg7 17. f4 Qh4 18. f5 gxf5 19. Nf4 Nxf4+ 20. Rxf4 Qe7 21.
Kh1 Ne5 22. exf5 Rxf5 23. Rxf5 Bxf5 24. Re1 Qh4 25. Ne4 Bxe4+ 26. Rxe4 Qh5 27.
Re3 Rf8 28. Rg3+ Ng6 29. Qe3 Qe5 30. Qxa7 Rf7 31. Qg1 Qf4 32. Kg2 Re7 33. Qd1
Qe5 34. Kf1 Kh8 35. d4 Rf7+ 36. Kg1 Qf4 37. d5 Qf2+ 38. Kh1 c5 39. h3 Qf1+ 40.
Rg1 Qxd1 41. Rxd1 Kg7 42. Rb1 Ne5 43. b4 b6 44. bxc5 bxc5 45. Rb6 Nxc4 46. Ra6
Kf6 47. a4 Ke5 48. Ra8 Kxd5 49. a5 Nxa5 0-1

[Event "Monarch Assurance IoM U175 15th"]
[Site "Port Erin IOM"]
[Date "2006.09.29"]
[Round "5"]
[White "Kearsley, Raymond J"]
[Black "Couch, Douglas"]
[Result "1-0"]
[WhiteElo "1640"]
[BlackElo "1152"]
[PlyCount "63"]
[EventDate "2006.09.25"]
[EventType "swiss"]
[EventRounds "7"]
[EventCountry "IOM"]

1. e4 c5 2. Nc3 Nc6 3. d3 g6 4. g3 Bg7 5. Bg2 d6 6. f4 Rb8 7. Nf3 b5 8. O-O b4
9. Nd5 e6 10. Ne3 Nge7 11. Nh4 f5 12. exf5 exf5 13. Nd5 O-O 14. Re1 Bb7 15. c3
a5 16. Qa4 Re8 17. Bd2 Kh8 18. Nxe7 Nxe7 19. Bxb7 Rxb7 20. Re2 d5 21. Rae1 d4
22. c4 Ra7 23. Qb5 Qc8 24. Nf3 Bf6 25. Ne5 Ra6 26. Nd7 Kg7 27. Nxc5 Ra7 28.
Ne6+ Kf7 29. c5 h6 30. Qc4 Qd7 31. Ng5+ Kg7 32. Qf7+ 1-0

[Event "Monarch Assurance IoM U175 15th"]
[Site "Port Erin IOM"]
[Date "2006.09.29"]
[Round "5"]
[White "Kennedy, Philip J"]
[Black "Heath, Jeffrey"]
[Result "1-0"]
[WhiteElo "1656"]
[BlackElo "1688"]
[PlyCount "111"]
[EventDate "2006.09.25"]
[EventType "swiss"]
[EventRounds "7"]
[EventCountry "IOM"]

1. Nf3 Nf6 2. g3 d5 3. Bg2 g6 4. O-O Bg7 5. d3 O-O 6. Nbd2 c6 7. e4 dxe4 8.
dxe4 Qc7 9. Re1 Bg4 10. h3 Bd7 11. Qe2 Qc8 12. Kh2 Na6 13. e5 Nd5 14. a3 Nc5
15. c4 Nc7 16. b4 N5e6 17. Bb2 f5 18. exf6 exf6 19. Ne4 Na6 20. Rad1 Qc7 21.
Rd3 Rad8 22. Red1 Bc8 23. Nd6 Ng5 24. Nxg5 fxg5 25. Bxg7 Qxg7 26. Nxc8 Rxc8 27.
Rd7 Rf7 28. Qe6 Qf6 29. Qxf7+ Qxf7 30. Rxf7 Kxf7 31. Rd7+ Kf6 32. Rxb7 Rc7 33.
Rxc7 Nxc7 34. Bxc6 h5 35. a4 Ke5 36. b5 Kd4 37. a5 Kxc4 38. b6 axb6 39. axb6
Na6 40. Be4 h4 41. gxh4 gxh4 42. Bxg6 Kd4 43. Kg2 Ke5 44. b7 Kf4 45. Bd3 Nb8
46. Be2 Nc6 47. Kf1 Ke4 48. Ke1 Kd4 49. Bb5 Nb8 50. Ke2 Kc5 51. Bd3 Kd4 52. f4
Nc6 53. Bb5 Nb8 54. Kf3 Kc5 55. Bd3 Kd4 56. Be4 1-0

[Event "Monarch Assurance IoM U175 15th"]
[Site "Port Erin IOM"]
[Date "2006.09.29"]
[Round "5"]
[White "McBride, John A"]
[Black "Foster, Stephen"]
[Result "1-0"]
[WhiteElo "1680"]
[BlackElo "1648"]
[PlyCount "149"]
[EventDate "2006.09.25"]
[EventType "swiss"]
[EventRounds "7"]
[EventCountry "IOM"]

1. d4 d5 2. c4 e6 3. Nc3 c5 4. cxd5 exd5 5. Nf3 Nc6 6. Bf4 Nf6 7. h3 c4 8. e3
Bb4 9. Nd2 Bxc3 10. bxc3 Bf5 11. Bg5 b5 12. Be2 h6 13. Bh4 O-O 14. O-O g5 15.
Bg3 Re8 16. Re1 Qd7 17. Bf3 b4 18. Qa4 Nxd4 19. Qxd7 Nxf3+ 20. Nxf3 Bxd7 21.
cxb4 Ne4 22. Ne5 Ba4 23. Bh2 f6 24. Nf3 Kf7 25. Nd4 h5 26. Rac1 h4 27. f3 Ng3
28. Bxg3 hxg3 29. Nf5 Re6 30. Nxg3 a5 31. bxa5 Rxa5 32. e4 Bc6 33. exd5 Rxe1+
34. Rxe1 Bxd5 35. Re2 Rb5 36. Rc2 Rb1+ 37. Kf2 Ke6 38. Ne2 Rb8 39. Nc3 Bc6 40.
Ke3 Rc8 41. Kd4 Be8 42. Re2+ Kf5 43. Ne4 Kg6 44. Kc3 Bc6 45. Nd6 Rc7 46. Rd2
Bd7 47. Rd4 Ra7 48. Rd2 Ra3+ 49. Kxc4 Be6+ 50. Kb4 Rxa2 51. Rxa2 Bxa2 52. Kc5
Bb1 53. Kd4 Bc2 54. g4 Ba4 55. Ke3 Bc2 56. Kf2 Ba4 57. Nc4 Bc6 58. Ne3 Bd7 59.
Kg3 Bc8 60. f4 gxf4+ 61. Kxf4 Bd7 62. Nd5 Be6 63. Ne7+ Kh6 64. Nf5+ Kg6 65. h4
Kh7 66. h5 Kh8 67. Ke4 Kh7 68. Kf4 Kh8 69. Nd4 Bxg4 70. Kxg4 f5+ 71. Nxf5 Kh7
72. Kg5 Kh8 73. Kg6 Kg8 74. Nd6 Kh8 75. Nf7+ 1-0

[Event "Monarch Assurance IoM U175 15th"]
[Site "Port Erin IOM"]
[Date "2006.09.29"]
[Round "5"]
[White "Nicolson, James R"]
[Black "Beards, Christopher"]
[Result "1/2-1/2"]
[WhiteElo "1656"]
[BlackElo "1600"]
[PlyCount "71"]
[EventDate "2006.09.25"]
[EventType "swiss"]
[EventRounds "7"]
[EventCountry "IOM"]

1. c4 Nf6 2. g3 g6 3. Bg2 Bg7 4. Nc3 O-O 5. e4 e5 6. Nge2 d6 7. O-O Be6 8. b3
Qd7 9. d4 exd4 10. Nxd4 Bh3 11. f3 Bxg2 12. Kxg2 Nc6 13. Be3 Rfe8 14. Qd2 a6
15. Rac1 Re5 16. Nd5 Rh5 17. Nf4 Re5 18. Nd5 b6 19. Nxc6 Qxc6 20. Bd4 Re6 21.
Nxf6+ Bxf6 22. Bxf6 Rxf6 23. Qd5 Qe8 24. Rce1 Re6 25. Re3 Re5 26. Qd4 Qc6 27.
Kf2 Rae8 28. Rfe1 Qd7 29. f4 R5e7 30. e5 dxe5 31. Qxd7 Rxd7 32. Rxe5 Rxe5 33.
Rxe5 Rd2+ 34. Re2 Rxe2+ 35. Kxe2 f5 36. Kd3 1/2-1/2

[Event "Monarch Assurance IoM U175 15th"]
[Site "Port Erin IOM"]
[Date "2006.09.29"]
[Round "5"]
[White "Price, Andrew"]
[Black "Twitchell, David"]
[Result "0-1"]
[WhiteElo "1720"]
[BlackElo "1640"]
[PlyCount "52"]
[EventDate "2006.09.25"]
[EventType "swiss"]
[EventRounds "7"]
[EventCountry "IOM"]

1. e4 e5 2. f4 exf4 3. Nf3 Nf6 4. e5 Nh5 5. d4 d5 6. exd6 Bxd6 7. Bc4 O-O 8.
O-O Nc6 9. Nc3 Bf5 10. Nd5 Be6 11. Bd2 a5 12. a3 Kh8 13. Ba2 b5 14. Ne5 Bxe5
15. dxe5 Bxd5 16. Qxh5 Bxa2 17. Bxf4 Qd4+ 18. Kh1 Be6 19. Rad1 Qxb2 20. Rd3 Ne7
21. Rg3 Ng6 22. h4 Nxf4 23. Qg5 Ng6 24. h5 Qxe5 25. hxg6 Qxg5 26. Rxg5 hxg6 0-1

[Event "Monarch Assurance IoM U175 15th"]
[Site "Port Erin IOM"]
[Date "2006.09.29"]
[Round "5"]
[White "Smith, Paul S"]
[Black "Livesey, R Nigel"]
[Result "0-1"]
[WhiteElo "1640"]
[BlackElo "1768"]
[PlyCount "88"]
[EventDate "2006.09.25"]
[EventType "swiss"]
[EventRounds "7"]
[EventCountry "IOM"]

1. d4 d5 2. Nf3 Nf6 3. Bf4 e6 4. h3 c5 5. e3 Qb6 6. Qc1 cxd4 7. exd4 Bd6 8.
Bxd6 Qxd6 9. c3 Nc6 10. Qe3 Bd7 11. Nbd2 Rc8 12. Bd3 Na5 13. Ne5 b5 14. a3 Nc4
15. Bxc4 bxc4 16. Nxd7 Qxd7 17. O-O Rb8 18. Rfb1 Qa4 19. g3 O-O 20. Nf3 Rb7 21.
Qc1 Rfb8 22. Ne1 Qc6 23. Nc2 a5 24. Kg2 Rb6 25. a4 Qb7 26. Ra2 Ne4 27. Ne3 Rb3
28. Nd1 Qc7 29. Qe3 R8b7 30. f4 Qb8 31. Rc1 Qe8 32. Qe1 f6 33. Qe2 Qg6 34. Qe3
h5 35. Kh2 Qf7 36. Rc2 Qe8 37. Qe1 Rf7 38. Ne3 Qc6 39. Qd1 g6 40. Qe1 Qc7 41.
Ng2 e5 42. Qe3 g5 43. fxg5 fxg5 44. Qxg5+ Nxg5 0-1

[Event "Monarch Assurance IoM U175 15th"]
[Site "Port Erin IOM"]
[Date "2006.09.30"]
[Round "6"]
[White "Dickson, David I"]
[Black "Couch, Douglas"]
[Result "1/2-1/2"]
[WhiteElo "1216"]
[BlackElo "1152"]
[PlyCount "71"]
[EventDate "2006.09.25"]
[EventType "swiss"]
[EventRounds "7"]
[EventCountry "IOM"]

1. c4 Nf6 2. Nc3 e6 3. a3 Be7 4. e4 d5 5. cxd5 exd5 6. Bb5+ c6 7. Bd3 dxe4 8.
Bxe4 Nxe4 9. Nxe4 O-O 10. d3 Re8 11. Be3 Bf5 12. Qc2 Nd7 13. O-O-O Rc8 14. Nf3
c5 15. Ng3 Bg6 16. Qc4 Nf6 17. Qc2 Nd5 18. Ne4 Nxe3 19. fxe3 Qb6 20. Qc4 Bxe4
21. dxe4 Bf6 22. b3 Qc6 23. e5 Bxe5 24. Nxe5 Rxe5 25. Rhf1 Qe6 26. Qxe6 Rxe6
27. Rd7 f6 28. Rxb7 Rxe3 29. Rd1 Rce8 30. Rdd7 Kf8 31. Rf7+ Kg8 32. Rxg7+ Kh8
33. Rxh7+ Kg8 34. Rxa7 Rxb3 35. Rae7 Rxe7 36. Rxe7 1/2-1/2

[Event "Monarch Assurance IoM U175 15th"]
[Site "Port Erin IOM"]
[Date "2006.09.30"]
[Round "6"]
[White "Flanagan, Samuel"]
[Black "Price, Andrew"]
[Result "1/2-1/2"]
[WhiteElo "1520"]
[BlackElo "1720"]
[PlyCount "27"]
[EventDate "2006.09.25"]
[EventType "swiss"]
[EventRounds "7"]
[EventCountry "IOM"]

1. e4 d6 2. d4 Nf6 3. Nc3 g6 4. Be3 c6 5. Qd2 Nbd7 6. Bh6 Bxh6 7. Qxh6 e5 8.
Nf3 Qe7 9. O-O-O Nf8 10. dxe5 dxe5 11. h3 N8d7 12. g4 b5 13. Bd3 a5 14. Ne2
1/2-1/2

[Event "Monarch Assurance IoM U175 15th"]
[Site "Port Erin IOM"]
[Date "2006.09.30"]
[Round "6"]
[White "Foster, Stephen"]
[Black "Nicolson, James R"]
[Result "1/2-1/2"]
[WhiteElo "1648"]
[BlackElo "1656"]
[PlyCount "48"]
[EventDate "2006.09.25"]
[EventType "swiss"]
[EventRounds "7"]
[EventCountry "IOM"]

1. Nf3 c5 2. e4 Nf6 3. d3 d5 4. Nbd2 Nc6 5. g3 g6 6. Bg2 Bg7 7. O-O e5 8. a3
O-O 9. Re1 d4 10. Nf1 h6 11. Bd2 Be6 12. h4 Qd7 13. N1h2 b5 14. Rf1 Bh3 15. Ne1
Bxg2 16. Nxg2 Ne8 17. h5 g5 18. f4 gxf4 19. gxf4 f5 20. exf5 Rxf5 21. Nh4 Rf7
22. Qf3 exf4 23. Rae1 Nd6 24. Qd5 Re8 1/2-1/2

[Event "Monarch Assurance IoM U175 15th"]
[Site "Port Erin IOM"]
[Date "2006.09.30"]
[Round "6"]
[White "Heath, Jeffrey"]
[Black "Beards, Christopher"]
[Result "1-0"]
[WhiteElo "1688"]
[BlackElo "1600"]
[PlyCount "123"]
[EventDate "2006.09.25"]
[EventType "swiss"]
[EventRounds "7"]
[EventCountry "IOM"]

1. e4 e5 2. Bc4 Nc6 3. Nf3 Bc5 4. d3 Nf6 5. Be3 Bb6 6. Nc3 Na5 7. Nxe5 Nxc4 8.
Nxc4 d5 9. Nxb6 axb6 10. Bg5 d4 11. Nd5 Be6 12. Nxf6+ gxf6 13. Bf4 Rg8 14. Bg3
Qe7 15. a3 Bg4 16. Qd2 h5 17. f3 Be6 18. Qf4 Kd8 19. O-O Rg5 20. Bh4 Rg6 21. e5
Kd7 22. exf6 Qc5 23. Rf2 Rag8 24. Re1 b5 25. Re4 Qb6 26. Rxd4+ Kc8 27. Bg3 Bd7
28. Re4 h4 29. Qxh4 Rxf6 30. Kf1 Rh6 31. Qf4 f5 32. Re7 Qc6 33. c4 Rd6 34. Qe3
Rdg6 35. Re5 bxc4 36. Rc5 Qa4 37. Qe1 Re8 38. Qc1 c6 39. Rxc4 Qb3 40. Qc2 Qa2
41. Re2 Reg8 42. Qc1 Be6 43. Rd4 Qb3 44. Qf4 Rxg3 45. hxg3 Qd1+ 46. Kf2 Rh8 47.
Qd2 Qb3 48. Rh4 Rd8 49. Re3 Qb6 50. Rh6 Bd5 51. Rh7 c5 52. Qc3 Kb8 53. b4 cxb4
54. Qxb4 Qc6 55. Qb2 Ka7 56. Qd4+ Ka8 57. Qb2 Ka7 58. Rh4 Rg8 59. Rf4 Qg6 60.
Ra4+ Kb8 61. Qe5+ Kc8 62. Ra8+ 1-0

[Event "Monarch Assurance IoM U175 15th"]
[Site "Port Erin IOM"]
[Date "2006.09.30"]
[Round "6"]
[White "Kearsley, Raymond J"]
[Black "Smith, Paul S"]
[Result "1-0"]
[WhiteElo "1640"]
[BlackElo "1640"]
[PlyCount "55"]
[EventDate "2006.09.25"]
[EventType "swiss"]
[EventRounds "7"]
[EventCountry "IOM"]

1. e4 d5 2. Nc3 d4 3. Nce2 e5 4. d3 c5 5. g3 Nc6 6. Bg2 Bd6 7. Nf3 f6 8. O-O
Nge7 9. a4 Be6 10. b3 O-O 11. Nh4 g5 12. Nf3 Ng6 13. Nd2 Qe7 14. Nc4 Bc7 15. f4
gxf4 16. gxf4 f5 17. fxe5 fxe4 18. Bxe4 Ngxe5 19. Nf4 Ng4 20. Qe2 Kh8 21. Bd2
Rg8 22. Kh1 Rae8 23. Rf3 Qh4 24. Rh3 Qe7 25. Rxh7+ Qxh7 26. Bxh7 Bd5+ 27. Be4
Nf6 28. Nxd5 1-0

[Event "Monarch Assurance IoM U175 15th"]
[Site "Port Erin IOM"]
[Date "2006.09.30"]
[Round "6"]
[White "Livesey, R Nigel"]
[Black "Hjort, Helge"]
[Result "1-0"]
[WhiteElo "1768"]
[BlackElo "1888"]
[PlyCount "111"]
[EventDate "2006.09.25"]
[EventType "swiss"]
[EventRounds "7"]
[EventCountry "IOM"]

1. c4 Nf6 2. g3 c6 3. Bg2 d5 4. cxd5 cxd5 5. d4 Nc6 6. Nc3 e6 7. Nf3 Ne4 8. O-O
Nxc3 9. bxc3 b6 10. c4 Bb7 11. cxd5 exd5 12. Bd2 Be7 13. Qa4 O-O 14. Rac1 Qd7
15. Rc2 a6 16. Rfc1 b5 17. Qb3 Qe6 18. e3 Rfc8 19. Ne1 Rd8 20. Nd3 Rab8 21. Nf4
Qd6 22. Nxd5 Bf8 23. Nf4 Nb4 24. Rc7 Bxg2 25. Qxf7+ Kh8 26. Kxg2 Nd5 27. Qxd5
Qxd5+ 28. Nxd5 Rxd5 29. Rc8 Rd8 30. Rxd8 Rxd8 31. Rc6 Ra8 32. Ba5 Kg8 33. d5
Kf7 34. Kf3 Ke8 35. e4 Be7 36. Kf4 Bd8 37. Bxd8 Kxd8 38. Ke3 a5 39. Kd4 b4 40.
Kc4 Rb8 41. Kb3 Rb7 42. f4 g5 43. f5 Re7 44. Re6 Rc7 45. f6 Rc3+ 46. Kb2 Rf3
47. e5 Kc7 48. Re7+ Kb6 49. f7 Kc5 50. d6 Rf2+ 51. Kc1 Rf1+ 52. Kd2 Kd4 53. Ke2
Ra1 54. f8=Q Rxa2+ 55. Kf1 b3 56. d7 1-0

[Event "Monarch Assurance IoM U175 15th"]
[Site "Port Erin IOM"]
[Date "2006.09.30"]
[Round "6"]
[White "McBride, John A"]
[Black "Kennedy, Philip J"]
[Result "1/2-1/2"]
[WhiteElo "1680"]
[BlackElo "1656"]
[PlyCount "48"]
[EventDate "2006.09.25"]
[EventType "swiss"]
[EventRounds "7"]
[EventCountry "IOM"]

1. d4 d5 2. c4 e6 3. Nc3 c5 4. cxd5 cxd4 5. Qxd4 Nc6 6. Qd1 exd5 7. Nxd5 Be6 8.
e4 Bxd5 9. Qxd5 Qxd5 10. exd5 Bb4+ 11. Bd2 Bxd2+ 12. Kxd2 O-O-O 13. Bc4 Nf6 14.
Re1 Nxd5 15. Bxd5 Rxd5+ 16. Kc1 Nb4 17. Kb1 Rhd8 18. Nf3 Nd3 19. Re2 Nb4 20. b3
h6 21. Rc1+ Kb8 22. Re7 R5d7 23. Rxd7 Rxd7 24. a3 Nc6 1/2-1/2

[Event "Monarch Assurance IoM U175 15th"]
[Site "Port Erin IOM"]
[Date "2006.10.01"]
[Round "7"]
[White "Beards, Christopher"]
[Black "Dickson, David I"]
[Result "0-1"]
[WhiteElo "1600"]
[BlackElo "1216"]
[PlyCount "92"]
[EventDate "2006.09.25"]
[EventType "swiss"]
[EventRounds "7"]
[EventCountry "IOM"]

1. a3 c5 2. Nf3 Nc6 3. g3 d5 4. c4 d4 5. b4 e5 6. b5 e4 7. bxc6 exf3 8. cxb7
Bxb7 9. exf3 Qf6 10. Bg2 Be7 11. O-O Bd6 12. Re1+ Ne7 13. Qa4+ Kf8 14. f4 Bxg2
15. Kxg2 h5 16. d3 h4 17. Nd2 hxg3 18. fxg3 Qf5 19. Nf1 g6 20. Qc2 Qh3+ 21. Kg1
Nf5 22. Qg2 Qxg2+ 23. Kxg2 Rb8 24. Re2 Rb3 25. Rd2 Kg7 26. Kf2 Rhb8 27. Ke2
Re8+ 28. Kf3 Bc7 29. Raa2 Re1 30. Rf2 Rxc1 31. Ke2 Ba5 32. Nd2 Bxd2 33. Kxd2
Rcc3 34. Rf3 Rb1 35. a4 Rh1 36. Rf2 Rcc1 37. Rb2 Rhd1+ 38. Ke2 Ne3 39. Rb5 Rc2+
40. Kf3 Rxf2+ 41. Kxf2 Rxd3 42. Rxc5 Ng4+ 43. Ke2 Re3+ 44. Kd2 Nxh2 45. Rd5
Rxg3 46. Rxd4 Nf3+ 0-1

[Event "Monarch Assurance IoM U175 15th"]
[Site "Port Erin IOM"]
[Date "2006.10.01"]
[Round "7"]
[White "Burton, Nick"]
[Black "McBride, John A"]
[Result "1-0"]
[WhiteElo "1696"]
[BlackElo "1680"]
[PlyCount "79"]
[EventDate "2006.09.25"]
[EventType "swiss"]
[EventRounds "7"]
[EventCountry "IOM"]

1. e4 e6 2. d3 d5 3. Nd2 c5 4. Ngf3 Nc6 5. g3 Bd6 6. Bg2 Nge7 7. O-O O-O 8. c3
Bc7 9. Qe2 h6 10. Re1 d4 11. c4 e5 12. a3 Ng6 13. Rb1 a5 14. Nf1 Be6 15. h4 Qd7
16. N1h2 Rab8 17. Bd2 b5 18. b3 Rb7 19. h5 Nge7 20. Nh4 Rfb8 21. Qf1 a4 22.
cxb5 Rxb5 23. bxa4 Rb3 24. f4 exf4 25. gxf4 Bg4 26. Bf3 Bxf3 27. N4xf3 Ba5 28.
Bxa5 Nxa5 29. Rxb3 Rxb3 30. Ne5 Qxa4 31. Nhg4 f5 32. exf5 Nxf5 33. Qf3 Qe8 34.
Qd5+ Kh7 35. Nf3 Qxh5 36. Nf6+ gxf6 37. Re7+ Nxe7 38. Qxh5 Ng8 39. Qf7+ Kh8 40.
Nh4 1-0

[Event "Monarch Assurance IoM U175 15th"]
[Site "Port Erin IOM"]
[Date "2006.10.01"]
[Round "7"]
[White "Foster, Stephen"]
[Black "Heath, Jeffrey"]
[Result "1-0"]
[WhiteElo "1648"]
[BlackElo "1688"]
[PlyCount "71"]
[EventDate "2006.09.25"]
[EventType "swiss"]
[EventRounds "7"]
[EventCountry "IOM"]

1. Nf3 Nf6 2. g3 g6 3. Bg2 Bg7 4. O-O O-O 5. c4 c6 6. Nc3 Na6 7. d4 d5 8. cxd5
cxd5 9. Qb3 e6 10. Bf4 Nh5 11. Bg5 Nf6 12. Rfd1 h6 13. Bf4 Nh5 14. Be3 b6 15.
Rac1 f5 16. Ne5 Bxe5 17. dxe5 f4 18. Bd4 Nc7 19. Nb5 Nxb5 20. Qxb5 Bd7 21. Qd3
Kh7 22. e4 Rc8 23. exd5 Rxc1 24. Rxc1 exd5 25. Bxd5 Ng7 26. Be4 Nf5 27. Rd1 Qe8
28. Bc3 Bb5 29. Qd5 fxg3 30. hxg3 Rf7 31. e6 Rf8 32. Bxf5 gxf5 33. Qb7+ Kg6 34.
Qg7+ Kh5 35. Rd4 f4 36. Rd5+ 1-0

[Event "Monarch Assurance IoM U175 15th"]
[Site "Port Erin IOM"]
[Date "2006.10.01"]
[Round "7"]
[White "Hjort, Helge"]
[Black "Kearsley, Raymond J"]
[Result "1-0"]
[WhiteElo "1888"]
[BlackElo "1640"]
[PlyCount "139"]
[EventDate "2006.09.25"]
[EventType "swiss"]
[EventRounds "7"]
[EventCountry "IOM"]

1. d4 Nf6 2. c4 g6 3. Nc3 d5 4. Bg5 Ne4 5. Bh4 Nxc3 6. bxc3 Bg7 7. e3 O-O 8.
Qb3 dxc4 9. Bxc4 Nd7 10. Nf3 Nb6 11. Be2 c6 12. a4 Re8 13. O-O Qd5 14. Qxd5
Nxd5 15. Rfc1 Bf5 16. Bg3 a5 17. Nd2 e5 18. Bxe5 Bxe5 19. dxe5 Rxe5 20. Nf3 Re7
21. Nd4 Be6 22. Rab1 Ra7 23. Bf1 Bd7 24. Bc4 Nf6 25. Kf1 Ne4 26. Rb2 Nd6 27.
Bd3 c5 28. Nb5 Bxb5 29. Bxb5 Re4 30. Rd1 Re6 31. Be2 Ra8 32. Bg4 Rf6 33. Bf3
Nf5 34. Rxb7 Raa6 35. Rd5 Rfb6 36. Rxb6 Rxb6 37. Rxc5 Rb1+ 38. Ke2 Rb2+ 39. Kd3
Rxf2 40. Rxa5 Nh4 41. Rg5 Nxf3 42. gxf3 Rxh2 43. a5 h5 44. Kc4 h4 45. a6 Ra2
46. Kb5 Rb2+ 47. Ka5 Kg7 48. Rg1 h3 49. a7 h2 50. Ra1 Rg2 51. Rh1 Kf6 52. Kb6
Rb2+ 53. Kc6 Ra2 54. Rxh2 Rxa7 55. Rd2 Ra6+ 56. Kc5 Ra5+ 57. Kd4 Ke6 58. c4 Ra4
59. Rb2 Ra6 60. Rb3 Ra1 61. Rc3 Ra4 62. Kc5 Ra1 63. Kb6 Rd1 64. c5 Rb1+ 65. Kc7
Kd5 66. c6 Rd1 67. Kd7 f5 68. c7 Ke5+ 69. Ke7 Rh1 70. Rc5# 1-0

[Event "Monarch Assurance IoM U175 15th"]
[Site "Port Erin IOM"]
[Date "2006.10.01"]
[Round "7"]
[White "Nicolson, James R"]
[Black "Smith, Paul S"]
[Result "0-1"]
[WhiteElo "1656"]
[BlackElo "1640"]
[PlyCount "110"]
[EventDate "2006.09.25"]
[EventType "swiss"]
[EventRounds "7"]
[EventCountry "IOM"]

1. c4 Nf6 2. g3 e6 3. Bg2 d5 4. Nf3 c6 5. b3 Nbd7 6. O-O Bd6 7. d4 e5 8. dxe5
Nxe5 9. Bf4 Nxf3+ 10. Bxf3 Bxf4 11. gxf4 Bh3 12. Re1 dxc4 13. Qxd8+ Rxd8 14.
bxc4 Rd4 15. Na3 Rxf4 16. Rab1 Bc8 17. Kg2 Rd4 18. Red1 Rxd1 19. Rxd1 Ke7 20.
Rb1 Rd8 21. Rb2 Nd7 22. Nc2 Ne5 23. Ne3 b6 24. Be4 Be6 25. f4 Nxc4 26. Nxc4
Bxc4 27. Bxc6 Bd5+ 28. Bxd5 Rxd5 29. Kf3 Ra5 30. e4 b5 31. h4 h5 32. f5 f6 33.
Rb3 a6 34. a3 Ra4 35. Rd3 a5 36. Kf4 b4 37. axb4 Rxb4 38. Rd5 Ra4 39. Rb5 Ra1
40. Rb7+ Kf8 41. Ra7 a4 42. Kg3 a3 43. Kg2 a2 44. Kh2 Ke8 45. Kg2 Kd8 46. Kh2
Kc8 47. Kg2 Kb8 48. Ra4 Kb7 49. Kh2 Kb6 50. Kg2 Kb5 51. Ra8 Kc4 52. Kh2 Kd4 53.
Ra4+ Ke5 54. Kg2 Kf4 55. Kh2 Kf3 0-1

[Event "Monarch Assurance IoM U175 15th"]
[Site "Port Erin IOM"]
[Date "2006.10.01"]
[Round "7"]
[White "Price, Andrew"]
[Black "Kennedy, Philip J"]
[Result "1/2-1/2"]
[WhiteElo "1720"]
[BlackElo "1656"]
[PlyCount "46"]
[EventDate "2006.09.25"]
[EventType "swiss"]
[EventRounds "7"]
[EventCountry "IOM"]

1. e4 c5 2. Nf3 d6 3. d4 cxd4 4. Nxd4 Nf6 5. Nc3 g6 6. Be3 Bg7 7. f3 O-O 8. Bc4
Nc6 9. Qd2 Nd7 10. O-O-O Nb6 11. Be2 Na5 12. b3 Bd7 13. Bb5 Bxb5 14. Ncxb5 Nc6
15. Bh6 Nxd4 16. Nxd4 Rc8 17. h4 Qc7 18. c4 Nxc4 19. bxc4 Qxc4+ 20. Kb1 Bxh6
21. Qxh6 e5 22. h5 exd4 23. hxg6 Qc2+ 1/2-1/2